Sports Quiz

Random Sports Quiz

TNA Title Contenders 2004-2010 Quiz Stats

 Plays Quiz not verified by Sporcle

Score 0/28 Timer 10:00
0 Plays Today
Wrestler % Correct
Jeff Hardy
96.1%
Kurt Angle
96.1%
A.J. Styles
95.3%
Sting
94.6%
Jeff Jarrett
91.4%
Abyss
91%
Kevin Nash
85.7%
Mr. Anderson
84.6%
Samoa Joe
81%
Matt Morgan
79.9%
Booker T
78.1%
Daniels
77.4%
Christian Cage
77.1%
Scott Steiner
76.3%
Wrestler % Correct
Mick Foley
73.5%
Robert Roode
72.4%
Raven
69.5%
Rhino
68.5%
Kaz
64.9%
Ron 'The Truth' Killings
64.5%
Chris Harris
61.6%
Hernandez
58.8%
Monty Brown
55.9%
D'Angelo Dinero
50.5%
Sean Waltman
49.8%
Brother Ray
49.5%
Brother Devon
48%
Diamond Dallas Page
45.2%

You're not logged in!

Compare scores with friends on all Sporcle quizzes.
OR
Log In

Show Comments

Extras

Created Oct 25, 2010ReportNominate
Tags:Title Matches, tna, wrestling

Top Quizzes Today


Score Distribution

Your Account Isn't Verified!

In order to create a playlist on Sporcle, you need to verify the email address you used during registration. Go to your Sporcle Settings to finish the process.

Report this User

Report this user for behavior that violates our Community Guidelines.

Details: